Problematic pronouns (Record no. 70752)

MARC details
000 -LEADER
fixed length control field 01299cam a2200217 4500
008 - FIXED-LENGTH DATA ELEMENTS--GENERAL INFORMATION
fixed length control field 020717n2002 000 0 eng u
035 ## - SYSTEM CONTROL NUMBER
System control number (Sirsi) u118874
245 ## - TITLE STATEMENT
Title Problematic pronouns
260 ## - PUBLICATION, DISTRIBUTION, ETC.
Date of publication, distribution, etc. 2002
490 ## - SERIES STATEMENT
Series statement Estates Gazette
Volume/sequential designation (0223) 8 June 2002, 114-115(2)
520 ## - SUMMARY, ETC.
Summary, etc. A "mainly for students" article examines the problematic use of pronouns in legal documents and highlights legal texts which achieve elegance and those which fail. In particular, discusses the European Convention on Human Rights (ECHR). Considers the situation if delegated legislation, such as the Housing Benefit (General) Regulations 1971, cannot be read in a way compatible with the ECHR as illustrated in the case R (on the application of Bono) v Harlow DC" (2002). It was held that the pronoun 'which' referred only to the primary legislation (Social Security Act 1998) and therefore Harlow DC had no defence to the Bonos' claim that their rights had been infringed under Article 6 of the ECHR.
590 ## - LOCAL NOTE (RLIN)
Local note ABS
650 ## - SUBJECT ADDED ENTRY--TOPICAL TERM
Topical term or geographic name entry element HUMAN RIGHTS ACT 1998
650 ## - SUBJECT ADDED ENTRY--TOPICAL TERM
Topical term or geographic name entry element CONVENTION FOR THE PROTECTION OF HUMAN RIGHTS AND FUNDAMENTAL FREEDOMS
650 ## - SUBJECT ADDED ENTRY--TOPICAL TERM
Topical term or geographic name entry element DRAFTING
650 ## - SUBJECT ADDED ENTRY--TOPICAL TERM
Topical term or geographic name entry element HOUSING BENEFIT
650 ## - SUBJECT ADDED ENTRY--TOPICAL TERM
Topical term or geographic name entry element LEGAL DOCUMENTATION
650 ## - SUBJECT ADDED ENTRY--TOPICAL TERM
Topical term or geographic name entry element R V HARROW LBC EX P BONO
690 ## - LOCAL SUBJECT ADDED ENTRY--TOPICAL TERM (OCLC, RLIN)
Topical term or geographic name as entry element LAW
942 ## - ADDED ENTRY ELEMENTS (KOHA)
Suppress in OPAC 0
Holdings
Withdrawn status Lost status Source of classification or shelving scheme Damaged status Not for loan Home library Current library Shelving location Date acquired Total Checkouts Barcode Date last seen Copy number Price effective from Koha item type
    Dewey Decimal Classification     London London Journal article 17/07/2002   118874-1001 06/08/2019 1 06/08/2019 Journal article